Film che iniziano per C - Statistics

Statistiche generali
  • Questo quiz è stato fatto 185 volte
  • Il punteggio medio è 9 su 20
Statistiche sulle risposte
Descrizione Film % Corretto
Una fanciulla è vittima dei soprusi della matrigna e delle sue sorellastre, una fata madrina accorrerà in suo aiuto. Cenerentola
94%
Una giovane e cocciuta auto da corsa, attraversa gli Stati Uniti per partecipare a un importante campionato in California, ma un incidente lo porta in un umile paesino. Cars
82%
Un uomo, unico superstite di un incidente aereo, si ritrova naufrago su un isola deserta, dove vivrà per circa quattro anni. Cast away
80%
Sebbene la sua famiglia sia contraria alla musica a causa di una sorta di maledizione, un bambino messicano sogna di diventare un musicista come il suo idolo Ernesto de la Cruz. Coco
71%
La figlia di un disinfestatore di presenze soprannaturali fa amicizia con il simpatico fantasma di un bambino di 12 anni. Casper
70%
Un giovane pugliese sogna di fare il cantante, si trasferisce quindi a Milano dal cugino per inseguire il suo sogno. Fatica però ad adattarsi alla mentalità milanese. Cado dalle nubi
64%
Un investigatore umano è incaricato di sorvegliare la moglie di un personaggio dei cartoni animati. Chi ha incastrato Roger Rabbit
61%
Holly, una giovane accompagnatrice che ama fare colazione di fronte alle vetrine di una leggendaria gioielleria e Paul, un giovane scrittore, si incontrano e diventano amici. Colazione da Tiffany
56%
Nell'Italia del secondo dopoguerra, una donna, vittima dei continui soprusi di suocero e marito, sogna un futuro migliore per la figlia e per tutte le altre donne. C'è ancora domani
50%
Nel 1983 Elio trascorre le vacanze estive in una villa nelle campagne del Cremasco. Quello stesso anno suo padre, un prof di archeologia, ospita uno studente straniero, Oliver. Chiamami col tuo nome
50%
Una ex tennista riesce a far decollare la carriera del marito, anche lui tennista, Durante un torneo minore, a cui lui partecipa per ritrovare fiducia, incontrano una vecchia conoscenza. Challengers
37%
Negli anni '20 una banda di ragazzini ebrei comincia la sua ascesa nella malavita, gli affari vanno a gonfie vele, ma tra i due capi della banda i rapporti si guastano. C'era una volta in america
27%
Una ragazza che ha ricevuto dalla madre un'educazione ossessivamente religiosa, viene derisa dai compagni di scuola. Poteri paranormali saranno gli strumenti della sua vendetta. Carrie - Lo sguardo di satana
26%
La vita di una giovane studentessa universitaria cambia radicalmente quando incontra per un'intervista un uomo tanto affascinante quanto oscuro e pieno di segreti. Cinquanta sfumature di grigio
24%
Dopo essere stato dichiarato inadatto al servizio militare, un giovane americano si offre volontario per partecipare a un programma speciale che farà di lui un super soldato. Captain America: Il primo vendicatore
21%
Durante la Seconda Guerra Mondiale, al Rick's bar, compaiono Victor Laszlo, eroe della Resistenza e la moglie Ilse, ex fiamma mai spenta di Rick. Casablanca
15%
Un giovane accetta un posto da barista in un modestissimo locale. Ben presto diventa la star del bancone degli ambienti più esclusivi dell'Upper East Side di Manhattan. Cocktail
15%
Nel 1907 una ragazza inglese va in visita a Firenze con la sua famiglia, ma la stanza sull'Arno che le era stata promessa è occupata da un'altra famiglia, gli Emerson. Camera con vista
10%
Nella Hollywood sconvolta dall'invenzione del sonoro, Don riesce comunque ad adattarsi ed affermarsi; Lina, una ragazza dalla voce sgradevole, deve invece essere doppiata. Cantando sotto la pioggia
7%
Un cimmero, cresciuto come schiavo, una volta libero vuole vendicare i suoi genitori uccisi da un malvagio condottiero. Un mago eremita e due improbabili alleati lo aiuteranno. Conan il barbaro
7%
Nessun quiz corrispondente trovato
Distribuzione punteggi
Percentuale di utenti per punteggio
Percentile per numero di risposta
I tuoi punteggi nel tempo
Non hai fatto questo quiz